000 01074 a2200193 4500
003 NALT
005 20251008090635.0
008 231204b th ||||| |||| 00| 0 tha d
040 _a์NALT
245 1 0 _aพจนานุกรม ป.วิ.อาญา ประมวลกฎหมายวิธีพิจารณาความอาญา /
_bสูตรไพศาล.
_h[electronic resource]
260 _aม.ป.ท. :
_bสูตรไพศาล,
_cม.ป.ป..
300 _aOnline resource
520 _aพจนานุกรม ป.วิ.อาญา ประมวลกฎหมายวิธีพิจารณาความอาญา ฉบับแรกในโลกและในประเทศไทย เรียงลำดับอักษร.
650 4 _aกฎหมายอาญา
_949366
650 4 _aวิธีพิจารณาความอาญา
_91089
856 4 0 _uhttps://ebook.parliament.go.th/ebookall/detail/431835
_zE-Book
942 _2lcc
_cEBK
996 _ai001
_bCATSTF
_c2024-04-22
999 _c102853
_d102853
998 _j1020
_k นางจำเรียง ระวังสำโรง